Μαρτυρίες για τον πληθυσμό των νησιών του Αιγαίου, 15ος - αρχές 19ου αιώνα
Αποθηκεύτηκε σε:
| Κύριος συγγραφέας: | |
|---|---|
| Συγγραφή απο Οργανισμό/Αρχή: | |
| Μορφή: | Βιβλίο |
| Γλώσσα: | Greek |
| Δημοσίευση: |
Αθήνα :
Κέντρο Νεοελληνικών Ερευνών Εθνικού Ιδρύματος Ερευνών,
2004
|
| Σειρά: | Τετράδια εργασίας ;
; 27 |
| Θέματα: | |
| Ετικέτες: |
Προσθήκη ετικέτας
Δεν υπάρχουν, Καταχωρήστε ετικέτα πρώτοι!
|
MARC
| LEADER | 00000cam a2200000 i 4500 | ||
|---|---|---|---|
| 001 | 1/25843 | ||
| 008 | 060308s2004 gre d | ||
| 035 | |l 10083013 | ||
| 040 | |a GR-MY-UA |b gre |e aacr | ||
| 041 | 0 | |a gre | |
| 082 | 0 | |a 938.97 |2 (22) | |
| 100 | 1 | |a Δημητρόπουλος, Δημήτριος Ι. | |
| 245 | 1 | 0 | |a Μαρτυρίες για τον πληθυσμό των νησιών του Αιγαίου, 15ος - αρχές 19ου αιώνα / |c Δημήτρης Δημητρόπουλος ; Κέντρο Νεοελληνικών Ερευνών Εθνικού Ιδρύματος Ερευνών |
| 260 | |a Αθήνα : |b Κέντρο Νεοελληνικών Ερευνών Εθνικού Ιδρύματος Ερευνών, |c 2004 | ||
| 300 | |a 369 σ.; |b πιν.; |c 24 εκ. | ||
| 490 | 1 | |a Τετράδια εργασίας |v ; 27 | |
| 504 | |a Βιβλιογραφία: σ. [327]-354. Ευρετήριο | ||
| 651 | 0 | |a Aegean Islands (Greece and Turkey) |x Population. | |
| 651 | 0 | |a Aegean Islands (Greece and Turkey) |x History |y 1453-1821. | |
| 651 | 0 | |a Aegean Islands (Greece and Turkey) |x Statistics, Vital. | |
| 710 | 2 | |a Εθνικό Ιδρυμα Ερευνών. |b Ινστιτούτο Νεοελληνικών Ερευνών. | |
| 830 | 0 | |a Τετράδια εργασίας ; |v ; 27 | |
| 852 | |a INST |b LESVOS |e 20060308 |h 938.97 ΔΗΜ |p 005100035975 |q 005100035975 |t BK |y 0 | ||
| 852 | |a INST |b LESVOS |e 20110711 |h 938.97 ΔΗΜ |p 005100050165 |q 005100050165 |t BK |y 0 | ||
| 852 | |a INST |b SYROS |e 20090526 |h 304.61 ΔΗΜ |p 005500008390 |q 005500008390 |t BK |y 0 | ||
| 901 | |a BIBL5-2009-2 | ||
| 901 | |a BIBL1-2011-2 | ||
| 901 | |a BIBL1-2006-1 | ||
| 909 | |a Ε |b 154752 | ||
| 909 | |a Λ |b 126063 | ||
| 922 | |a 5ΕΛΗ |b 200710 |c ΒΙΒΛΙΟΘΗΚΗ ΣΥΡΟΥ |d ΣΤΑΘΟΠΟΥΛΟΣ | ||
| 970 | |a ΚΑΜΑΤΣΟΥ |b ΔΕΣΠΟΙΝΑ |z 2006/03/08 | ||